| 000 | 01100cam a2200217 4500 | ||
|---|---|---|---|
| 001 | ABS62136 | ||
| 008 | 000000n2000 000 0 eng u | ||
| 035 | _a(Sirsi) u105932 | ||
| 100 | _aJagboro, G.O. | ||
| 245 | 2 | _aA study of the monetary value of extension of time in building projects | |
| 260 | _c2000 | ||
| 490 |
_aJournal of Financial Management of Property and Construction _v4(3) November 1999, 39-46(8) |
||
| 520 | _aResearch into claims associated with extensions of time and the assertion that the perception of extension of time by consultants is time adjustment compensation and by contractors as time adjustment and monetary loss compensation. Findings establish that the monetary value of extension of time is highly insignificant and reinforce the compensation approach to the resolution of disputes emanating from extension of time. (from journal abstract) References. | ||
| 590 | _aABS | ||
| 650 | _aCONTRACTUAL CLAIMS | ||
| 650 | _aEXTENSION OF TIME | ||
| 650 | _aRESEARCH | ||
| 690 | _aBUILT ENVIRONMENT-BUILDING CONTRACT FORMS | ||
| 700 | _aAlli, O.R. | ||
| 942 | _n0 | ||
| 999 |
_c63429 _d63429 |
||